000 00754nam a2200229 i 4500
001 56096
003 ES-MaACL
005 20250921063025.0
007 t|
008 031003s1972 sp ||||1| spa d
017 _aB 25661-1972
_bOficina Depósito Legal Barcelona
040 _cES-MaACL
100 1 _aDíaz-Plaja, Fernando,
_d1918-2012
_944396
_eaut
245 1 0 _aOtra historia de España /
_cFernando Díaz-Plaja.
250 _a[Primera edición].
260 _a[Barcelona] :
_bPlaza & Janés,
_c[1972]
300 _a421 páginas ;
_c22 cm.
852 _aES-MaACL
_jC-42765
_bR.81561
_958250
_cDEPO2
_xEncuadernación cartoné
942 _cMONOGRAFIA
_n0
999 _c56096
_d56096